| Tag |
First Indicator |
Second Indicator |
Subfields |
| LEADER |
00000cam a22000008a 4500 |
| 001 |
in00002259213 |
| 005 |
20151105092424.0 |
| 008 |
070125s2007 cc a 000 0 eng |
| 015 |
|
|
|a GBA708963
|2 bnb
|
| 016 |
7 |
|
|a 013656443
|2 Uk
|
| 020 |
|
|
|a 9789622098015 (pbk.)
|
| 020 |
|
|
|a 9622098010 (pbk.)
|
| 029 |
1 |
|
|a NZ1
|b 11223136
|
| 035 |
|
|
|a (OCoLC)ocm81453709
|
| 035 |
|
|
|a (OCoLC)81453709
|
| 040 |
|
|
|a UKM
|c UKM
|d BAKER
|d BTCTA
|d MUQ
|d HKP
|d YDXCP
|d IXA
|d UtOrBLW
|
| 049 |
|
|
|a TXAM
|
| 082 |
0 |
4 |
|a 791.4372
|2 22
|
| 090 |
|
|
|a PN1997.I5275
|b M37 2007
|
| 100 |
1 |
|
|a Marchetti, Gina.
|
| 245 |
1 |
0 |
|a Andrew Lau and Alan Mak's Infernal affairs - the trilogy /
|c Gina Marchetti.
|
| 263 |
|
|
|a 200702
|
| 264 |
|
1 |
|a Hong Kong :
|b Hong Kong University Press ;
|c 2007.
|
| 264 |
|
2 |
|a London :
|b Eurospan [distributor],
|
| 300 |
|
|
|a xii, 210 pages :
|b illustrations ;
|c 20 cm.
|
| 336 |
|
|
|a text
|b txt
|2 rdacontent
|
| 337 |
|
|
|a unmediated
|b n
|2 rdamedia
|
| 338 |
|
|
|a volume
|b nc
|2 rdacarrier
|
| 490 |
1 |
|
|a The new Hong Kong cinema
|
| 600 |
1 |
0 |
|a Liu, Weiqiang,
|d 1960-
|x Criticism and interpretation.
|
| 600 |
1 |
0 |
|a Mai, Zhaohui,
|d 1965-
|x Criticism and interpretation.
|
| 630 |
0 |
0 |
|a Infernal affairs (Motion picture)
|
| 600 |
1 |
6 |
|a Liu, Weiqiang,
|d 1960-
|x Critique et interprétation.
|
| 600 |
1 |
6 |
|a Mai, Zhaohui,
|d 1965-
|x Critique et interprétation.
|
| 630 |
0 |
6 |
|a Infernal affairs (Film cinématographique)
|
| 650 |
|
6 |
|a Cinéma
|z Chine
|z Hongkong.
|
| 830 |
|
0 |
|a New Hong Kong cinema.
|
| 938 |
|
|
|a Baker & Taylor
|b BKTY
|c 17.95
|d 13.46
|i 9622098010
|n 0007048163
|s active
|
| 938 |
|
|
|a Baker and Taylor
|b BTCP
|n BK0007048163
|
| 938 |
|
|
|a YBP Library Services
|b YANK
|n 2514308
|
| 945 |
|
|
|a PromptCat
|b 193508
|
| 946 |
|
|
|a stk
|
| 947 |
|
|
|a A14836192662
|
| 948 |
|
|
|a cataloged
|b h
|c 2007/8/8
|d c
|e dmartine
|f 5:29:30 pm
|
| 994 |
|
|
|a 92
|b TXA
|
| 999 |
|
|
|a MARS
|
| 999 |
f |
f |
|s c15ddba1-7b72-397e-b257-5886f73f552e
|i 1da493fd-b891-3587-badd-c69def7da477
|t 0
|
| 952 |
f |
f |
|p ric
|a Texas A&M University
|b Rellis Campus
|c Joint Library Facility
|d Remote Storage
|t 0
|e PN1997.I5275 M37 2007
|h Library of Congress classification
|i unmediated -- volume
|m A14836192662
|
| 998 |
f |
f |
|a PN1997.I5275 M37 2007
|t 0
|l Remote Storage
|